Artists / Singers by their Songs #17 - Statistics

General Stats
  • This quiz has been taken 263 times
  • The average score is 4 of 10
Answer Stats
Hint Answer % Correct
The Climb / Party in the U.S.A. / Wrecking Ball / Flowers Miley Cyrus
98%
Pillowtalk / Dusk Till Dawn / Like I Would / I Don't Wanna Live Forever Zayn Malik
65%
Bring Me to Life / My Immortal / Call Me When You're Sober / Going Under Evanescence
58%
Boom Clap / Guess / Apple / Fancy Charli XCX
53%
Do You Really Want to Hurt Me / Karma Chameleon / The War Song / Time (Clock of the Heart) Culture Club
43%
Ddu-Du Ddu-Du / Pink Venom / Kiss and Make Up / How You Like That Blackpink
38%
Best of You / The Pretender / Rope / Run Foo Fighters
30%
Turn the Page / Night Moves / Hollywood Nights / Roll Me Away Bob Seger
18%
Summertime / Twistin' the Night Away / A Change Is Gonna Come / Wonderful World Sam Cooke
15%
Somebody Like You / You'll Think Of Me / Blue Ain't Your Color / Kiss A Girl Keith Urban
11%
No matching quizzes found
Score Distribution
Percent of People with Each Score
Percentile by Number Answered
Your Score History
You have not taken this quiz